NFL Players with Multiple 1000+ Rushing Seasons Since 2010 - Statistics

General Stats
  • This quiz has been taken 150 times
    22 since last reset
  • The average score is 36 of 54
Answer Stats
Hint Answer % Correct
2025,2024,2023 James Cook Bills
100%
2025, 2024, 2021, 2020 Jonathan Taylor Colts
100%
2024, 2022, 2020, 2019 Aaron Jones Vikings, Packers
93%
2023, 2022,2019, 2018 Christian McCaffrey 49ers, Panthers
93%
2022, 2021,2020,2019 Dalvin Cook Vikings
93%
2025, 2024,2023, 2022, 2020, 2019, 2018 Derrick Henry Ravens, Titans
93%
2024, 2023, 2021, 2019, 2018 Joe Mixon Bengals
93%
2024, 2022,2020, 2019 Josh Jacobs Packers, Raiders
93%
2022,2021, 2020, 2019 Nick Chubb Browns
93%
2024,2022, 2019, 2018 Saquon Barkley Eagles, Giants
93%
2018, 2015, 2013, 2012, 2010, 2009, 2008, 2007 Adrian Peterson Redskins,Vikings
87%
2021, 2019, 2018, 2016 Ezekiel Elliot Cowboys
87%
2024,2023 Kyren Williams Rams
87%
2020, 2019 Lamar Jackson Ravens (QB)
87%
2014,2013, 2012, 2011,2008, 2007 Marshawn Lynch Seahawks, Bills
87%
2012,2011, 2010,2009, 2008, 2007, 2006, 2005 Steven Jackson Ravens, Rams
87%
2018, 2017,2015 Todd Gurley II Rams
87%
2025,2024 Bijan Robinson Falcons
80%
2013, 2012, 2011, 2010, 2009, 2008 Chris Johnson Titans
80%
2023, 2020 Davis Montgomery Lions, Bears
80%
2016,2014,2013, 2012, 2011, 2009, 2008, 2007, 2006 Frank Gore Colts,49ers
80%
2014,2013,2012,2010,2009 Jamaal Charles Chiefs
80%
2017, 2016, 2014, 2013,2011, 2010 LeSean McCoy Bills, Eagles
80%
2017, 2016,2014 LeVeon Bell Steelers
80%
2023, 2022, 2021 Najee Harris Steelers
80%
2016, 2014, 2013 DeMarco Murray Titans, Cowboys
73%
2016, 2010 LeGarette Blount Patriots, Buccaneers
73%
2019,2017, 2016 Mark Ingram II Ravens, Saints
73%
2014, 2013, 2012,2010, 2008 Matt Forte Bears
73%
2012, 2011,2010, 2009 Ray Rice Ravens
73%
2024,2023,2022 Tony Pollard Titans, Cowboys
73%
2024, 2023 James Conner Cardinals
67%
2019,2017, 2016 Leonard Fournette Jaguars
67%
2011, 2010, 2009 Maurice Jones-Drew Jaguars
67%
2023,2022 Travis Ettienne Jr Jaguars
67%
2014,2013, 2012 Alfred Morris Redskins
60%
2015, 2012 Doug Martin Buccaneers
60%
2019, 2018 Chris Carson Seahawks
53%
2014, 2013 Eddie Lacy Packers
53%
2015, 2010 Darren McFadden Cowboys, Raiders
47%
2016, 2015 Devonta Freeman Falcons
47%
2011, 2010, 2008 Michael Turner Falcons
47%
2012, 2011 Shonn Greene Jets
47%
2012, 2010 BenJarvus Green-Ellis Bengals, Patriots
40%
2019, 2018 Phillip Lindsay Broncos
40%
2012, 2010 Ahmad Bradshaw Giants
27%
2014,2012, 2011, 2010 Arian Foster Titans
27%
2011, 2010, 2009 Cedric Benson Bengals
27%
2017, 2016 Jordan Howard Bears
27%
2010,2009 Rashard Mendenhall Steelers
27%
2013, 2011 Ryan Matthews Chargers
27%
2011, 2007, 2005, 2004 Willis McGahee Broncos, Ravens, Bills
20%
2013, 2011 Reggie Bush Lions
13%
2025, 2024 Jamhyr Gibbs Lions
0%
No matching quizzes found
Score Distribution
Percent of People with Each Score
Percentile by Number Answered
Your Score History
You have not taken this quiz since the last reset